| 000 | 01150cam a2200325 i 4500 | ||
|---|---|---|---|
| 005 | 20230905112608.0 | ||
| 008 | 170405t20192019maua b 001 0 eng d | ||
| 010 | _a 2017938977 | ||
| 020 |
_a9781337406123 _q(Student edition) |
||
| 035 | _a(OCoLC)ocn995766217 | ||
| 040 |
_aYDX _beng _cYDX _erda _dUAB _dDCK _dDLC |
||
| 042 | _alccopycat | ||
| 082 | 0 | 4 |
_a378.198 _223 _bSTA-F |
| 100 | 1 | _aStaley, Constance Courtney, | |
| 245 | 1 | 0 |
_aFocus on community college success / _cConstance Staley (University of Colorado, Colorado Springs). |
| 250 | _a5e | ||
| 260 |
_aUSA: _bCengage, _c2019 |
||
| 264 | 1 |
_aBoston, MA, USA : _bCengage, _c[2019] |
|
| 264 | 4 | _c©2019 | |
| 300 |
_axxxvi, 359 pages : _bcolor illustrations ; _c28 cm |
||
| 336 |
_atext _btxt _2rdacontent |
||
| 337 |
_aunmediated _bn _2rdamedia |
||
| 338 |
_avolume _bnc _2rdacarrier |
||
| 504 | _aIncludes bibliographical references (pages 335-346) and index. | ||
| 650 | 0 | _aCollege student orientation. | |
| 650 | 0 | _aCommunity colleges. | |
| 906 |
_a7 _bcbc _corignew _d2 _eepcn _f20 _gy-gencatlg |
||
| 999 |
_c33432 _d33432 |
||